Zgadnij piłki i flagi państw Copa America 2024 - Statystyki

Ogólne statystyki
  • Ten quiz został rozwiązany 29 razy
  • Średni wynik to 15 z 16
Statystyki odpowiedzi
Obrazkowy Odpowiedź % Poprawnych
Argentyna
100%
Kanada
100%
Meksyk
100%
Brazylia
96%
Chile
96%
Ekwador
96%
Peru
96%
Stany Zjednoczone
96%
Wenezuela
96%
Jamajka
93%
Kostaryka
93%
Paragwaj
93%
Urugwaj
93%
Boliwia
89%
Panama
89%
Kolumbia
85%
Nie znaleziono quizów pasujących do podanych kryteriów
Rozkład punktacji
Procent ludzi z każdym wynikiem
Percentyl według liczby udzielonych odpowiedzi
Twoja historia wyników
Nie rozwiązałeś tego quizu